000
00304nam a2200121Ia 4500
005
20251222144711.0
008
251222s9999||||xx |||||||||||||| ||spa||
082
_a
251.95/M22
245
0
_a
Manual Oficial de la Legión de María
250
_a
5a.ed.
264
_b
Concilium Legionis Mariae
942
_c
LIB
999
_c
17831
_d
17831